[Event "UAE National Day 51st"]
[Site "Sharjah"]
[Date "2022.12.03"]
[Round "3"]
[White "Zubarev, Alexander2222"]
[Black "Murtaza, Ali"]
[Result "1-0"]
[WhiteElo "2372"]
[BlackElo "2145"]
[PlyCount "115"]
[EventDate "2022.12.03"]
[EventType "swiss (rapid)"]
[EventRounds "10"]
[EventCountry "UAE"]
[SourceTitle "CBM 211 Extra"]
[Source "ChessBase"]
[SourceDate "2023.01.31"]
[SourceVersion "1"]
[SourceVersionDate "2023.01.31"]
[SourceQuality "1"]

1. c4 Nf6 2. Nc3 e6 3. e4 d5 4. e5 Nfd7 5. cxd5 Nxe5 6. d4 Ng6 7. dxe6 Bxe6 8. d5 Bd7 9. Qb3 Na6 10. Be3 Nc5 11. Qc2 a5 12. Nf3 Bd6 13. g3 0-0 14. Bg2 Qc8 15. 0-0 Bf5 16. Qd2 Re8 17. Nd4 Bh3 18. Rfe1 Bxg2 19. Kxg2 Qg4 20. Qd1 Nh4+ 21. Kh1 Qh3 22. Rg1 Nf5 23. Nxf5 Qxf5 24. Kg2 Nd3 25. Qe2 Bb4 26. Rad1 Ne5 27. Rd4 h5 28. h3 Rad8 29. Rgd1 Ng6 30. Qd3 Qd7 31. Qb5 Qc8 32. d6 Rxd6 33. Rxd6 Bxd6 34. Qxh5 Re5 35. Qf3 Rf5 36. Qe4 Re5 37. Qc4 b5 38. Qc6 Qf5 39. Qa8+ Kh7 40. Qf3 Qe6 41. Nd5 Rf5 42. Nf4 Bxf4 43. Bxf4 Rxf4 44. Qh5+ Kg8 45. Rd8+ Nf8 46. gxf4 Qc6+ 47. Qd5 Qg6+ 48. Kf3 Qf6 49. Ra8 Qh4 50. Kg2 g6 51. Qg5 Qh8 52. Qe7 Qh6 53. Rc8 b4 54. Kg3 Qg7 55. Rxc7 Ne6 56. Rc8+ Kh7 57. Qh4+ Qh6 58. Rh8+ 1-0

[Event "Sharjah Rapid op"]
[Site "Sharjah"]
[Date "2021.04.30"]
[Round "7.3"]
[White "Murtaza, Ali"]
[Black "Iordachescu, Viorel"]
[Result "0-1"]
[WhiteElo "2144"]
[BlackElo "2589"]
[PlyCount "56"]
[EventDate "2021.04.29"]
[EventType "swiss (rapid)"]
[EventRounds "9"]
[EventCountry "UAE"]
[SourceTitle "CBM 202 Extra"]
[Source "ChessBase"]
[SourceDate "2021.07.31"]
[SourceVersion "1"]
[SourceVersionDate "2021.07.31"]
[SourceQuality "1"]

1. e4 g6 2. d4 Bg7 3. Nc3 c6 4. Be3 Qb6 5. b3 d5 6. exd5 cxd5 7. Bb5+ Kf8 8. Nge2 Bg4 9. f3 Bc8 10. 0-0 Nf6 11. Kh1 Nc6 12. Nf4 Qd8 13. Qd2 h5 14. Bd3 Kg8 15. Rae1 h4 16. h3 e6 17. Na4 Ne7 18. c4 b6 19. c5 Bd7 20. cxb6 axb6 21. Nc3 Ne8 22. Bb5 Nf5 23. Bf2 Bh6 24. Bxd7 Qxd7 25. Nce2 Qd6 26. a4 Nf6 27. Be3 Nxe3 28. Qxe3 Nh5 0-1

[Event "Dubai The Arbor blitz op"]
[Site "Dubai"]
[Date "2019.04.12"]
[Round "1"]
[White "Murtaza, Ali"]
[Black "Sundaresh, Sundaragopal"]
[Result "1-0"]
[WhiteElo "2070"]
[BlackElo "1172"]
[PlyCount "35"]
[EventDate "2019.04.12"]
[EventType "swiss (blitz)"]
[EventRounds "9"]
[EventCountry "UAE"]
[SourceTitle "CBM 189 Extra"]
[Source "ChessBase"]
[SourceDate "2019.06.03"]
[SourceVersion "1"]
[SourceVersionDate "2019.06.03"]
[SourceQuality "1"]

1. e4 d6 2. d4 c6 3. Nc3 Bd7 4. f4 e6 5. Nf3 d5 6. Bd3 Be7 7. 0-0 Nf6 8. e5 Ng4 9. Ne2 c5 10. c3 c4 11. Bc2 0-0 12. Ng3 Bh4 13. Ng5 Bxg5 14. Qxg4 Bh6 15. f5 exf5 16. Bxf5 Bxc1 17. Raxc1 g6 18. e6 1-0

[Event "Sharjah Masters 3rd"]
[Site "Sharjah"]
[Date "2019.03.29"]
[Round "8"]
[White "Ranaldi, Lucas"]
[Black "Murtaza, Ali"]
[Result "0-1"]
[WhiteElo "2279"]
[BlackElo "2084"]
[PlyCount "126"]
[EventDate "2019.03.22"]
[EventType "swiss"]
[EventRounds "9"]
[EventCountry "UAE"]
[SourceTitle "CBM 189 Extra"]
[Source "ChessBase"]
[SourceDate "2019.06.03"]
[SourceVersion "1"]
[SourceVersionDate "2019.06.03"]
[SourceQuality "1"]

1. c4 Nf6 2. Nc3 c6 3. d4 d5 4. cxd5 cxd5 5. f3 e6 6. e4 Bb4 7. e5 Nfd7 8. f4 0-0 9. Nf3 Nc6 10. Bd3 f5 11. 0-0 Nb6 12. h3 Bd7 13. g4 g6 14. Kh1 Rc8 15. Qe2 Ne7 16. Nd1 Nc4 17. a3 Na5 18. Bc2 a6 19. Rg1 Bb5 20. Qf2 Rxc2 21. Qxc2 Qc8 22. Ne3 Qxc2 23. Nxc2 Nb3 24. axb4 Bd3 25. Nfe1 Be4+ 26. Kh2 Rc8 27. Ra3 Nxc1 28. Rc3 Rxc3 29. bxc3 Ne2 30. Rf1 Nxc3 31. Ne3 Nc6 32. N1c2 Ne2 33. gxf5 gxf5 34. Re1 Nxf4 35. Kg3 Nd3 36. Rg1 Kf7 37. Kh2 Ndxb4 38. Nxb4 Nxb4 39. Kg3 a5 40. Ra1 Nc6 41. Nd1 b5 42. Nc3 b4 43. Nxe4 fxe4 44. Kf4 Ke7 45. Ke3 Kd7 46. h4 h5 47. Kf4 Kc7 48. Kg5 Kb6 49. Kxh5 Nxd4 50. Kg6 Nf5 51. h5 e3 52. Rf1 d4 53. Rxf5 e2 54. h6 e1Q 55. Rf6 Qxe5 56. h7 Qg3+ 57. Kf7 Qh4 58. Kg7 b3 59. Rxe6+ Kc5 60. Rh6 Qe7+ 61. Kg8 b2 62. Rh5+ Kb4 63. h8Q Qe8+ 0-1

[Event "Olympiad-42"]
[Site "Baku"]
[Date "2016.09.12"]
[Round "10.2"]
[White "Gavarrete, Nahun"]
[Black "Murtaza, Ali"]
[Result "0-1"]
[WhiteElo "2149"]
[BlackElo "2111"]
[PlyCount "132"]
[EventDate "2016.09.02"]
[EventType "team-swiss"]
[EventRounds "11"]
[EventCountry "AZE"]
[SourceTitle "CBM 175"]
[Source "ChessBase"]
[SourceDate "2016.11.10"]
[SourceVersion "1"]
[SourceVersionDate "2016.11.10"]
[SourceQuality "1"]
[WhiteTeam "Honduras"]
[BlackTeam "Pakistan"]
[WhiteTeamCountry "HON"]
[BlackTeamCountry "PAK"]

1. e4 Nf6 2. e5 Nd5 3. Nf3 d6 4. d4 dxe5 5. Nxe5 g6 6. Bc4 c6 7. Qf3 Be6 8. 0-0 Bg7 9. Nc3 0-0 10. Ne4 Nd7 11. Nxd7 Bxd7 12. c3 b5 13. Bb3 a5 14. Nc5 e6 15. a4 b4 16. Re1 bxc3 17. bxc3 Bc8 18. Ba3 Re8 19. Ne4 Ba6 20. Rab1 h6 21. Ba2 Qh4 22. Nd6 Rf8 23. Nc4 Bxc4 24. Bxc4 Rfb8 25. Bd6 Rxb1 26. Rxb1 Qf6 27. Qg3 Qf5 28. Bd3 Qg5 29. Qxg5 hxg5 30. Rb3 Rd8 31. Bc5 Bf8 32. Bxf8 Kxf8 33. Kf1 Ke7 34. Be4 f5 35. Bxd5 cxd5 36. Rb5 Rc8 37. Rxa5 Rxc3 38. Ra7+ Kf6 39. a5 Rc4 40. a6 Rxd4 41. Rb7 Ra4 42. a7 Ra2 43. Ke1 g4 44. Kd1 Ke5 45. Kc1 Kd6 46. Kb1 Ra5 47. Kb2 e5 48. Kc3 Kc5 49. Rc7+ Kb6 50. Re7 Rxa7 51. Rxe5 Kc5 52. Re6 Ra2 53. Rxg6 Rxf2 54. Rg5 Rxg2 55. Rxf5 Rxh2 56. Rg5 Rg2 57. Rg8 Rg3+ 58. Kd2 Kd4 59. Ke2 Re3+ 60. Kd2 Re4 61. Rg7 Ke5 62. Rg5+ Kf4 63. Rxd5 g3 64. Rd8 g2 65. Rf8+ Kg3 66. Rg8+ Rg4 0-1

[Event "Olympiad-42"]
[Site "Baku"]
[Date "2016.09.02"]
[Round "1.2"]
[White "Neiksans, Arturs"]
[Black "Murtaza, Ali"]
[Result "1-0"]
[WhiteElo "2628"]
[BlackElo "2111"]
[PlyCount "97"]
[EventDate "2016.09.02"]
[EventType "team-swiss"]
[EventRounds "11"]
[EventCountry "AZE"]
[SourceTitle "CBM 175"]
[Source "ChessBase"]
[SourceDate "2016.11.10"]
[SourceVersion "1"]
[SourceVersionDate "2016.11.10"]
[SourceQuality "1"]
[WhiteTeam "Latvia"]
[BlackTeam "Pakistan"]
[WhiteTeamCountry "LAT"]
[BlackTeamCountry "PAK"]

1. e4 Nf6 2. e5 Nd5 3. d4 d6 4. c4 Nb6 5. exd6 exd6 6. Nc3 Be7 7. Bd3 Nc6 8. Nge2 Bg4 9. Be3 0-0 10. b3 Bf6 11. Qd2 Nb4 12. Bb1 c5 13. 0-0 Bxe2 14. Nxe2 d5 15. dxc5 Bxa1 16. Qxb4 d4 17. Bf4 Nd7 18. Bd6 Re8 19. Bd3 Bc3 20. Qxb7 Ne5 21. Be4 Rc8 22. h3 Qf6 23. Rd1 Rcd8 24. Ng3 d3 25. Nf5 Qe6 26. Ne7+ Kh8 27. Nd5 Bd4 28. Nc7 Qf6 29. Rf1 d2 30. Bc2 Ng6 31. Nxe8 Rxe8 32. Qd7 Rd8 33. Qg4 h6 34. Qe2 Bc3 35. g3 Ne5 36. Kg2 Nc6 37. Qe4 Qg6 38. Qxg6 fxg6 39. Bxg6 Be5 40. Rd1 Bxd6 41. cxd6 Rxd6 42. Be4 Nb4 43. a3 Na2 44. Bd5 Nc1 45. Rxd2 Nxb3 46. Rb2 Nc5 47. Rb8+ Kh7 48. Rc8 Na4 49. Be4+ 1-0